[Event "8. Lovsprings EMT Mesterklassen 1996"]
[Site "Ringsted"]
[Date "1996.03.08"]
[Round "1"]
[White "Arnkilde, Anders"]
[Black "Jacobsen, Erik"]
[Result "1-0"]
[WhiteElo "1997"]
[BlackElo "1983"]
[PlyCount "99"]
[EventDate "1996.??.??"]

1. e4 c6 2. d4 d5 3. Nc3 dxe4 4. Nxe4 Nf6 5. Ng5 Bf5 6. Bc4 e6 7. Ne2 Bd6 8.
Ng3 h6 9. Nf3 Bh7 10. O-O Nbd7 11. Re1 Qc7 12. c3 O-O-O 13. b4 g5 14. a4 g4 15.
Nd2 h5 16. Be2 h4 17. Ngf1 g3 18. fxg3 hxg3 19. h3 Bf5 20. Bf3 Nd5 21. Bxd5
cxd5 22. Qf3 Rh4 23. Nb3 Rdh8 24. Nc5 Nf8 25. Bg5 R4h5 26. Qxf5 Bxc5 27. bxc5
Nh7 28. Qe5 Nxg5 29. Qxc7+ Kxc7 30. Nxg3 R5h7 31. a5 Rg7 32. Kf2 Rhg8 33. Rg1
f5 34. Rae1 Rf7 35. h4 Ne4+ 36. Nxe4 fxe4+ 37. Ke2 Rg3 38. Rc1 Rg4 39. g3 Rf3
40. h5 Rf5 41. h6 Rf7 42. Rcf1 Rh7 43. Rf6 Kd7 44. Rb1 Ke7 45. Rf4 Rxf4 46.
Rxb7+ Kf6 47. Rxh7 Rf3 48. Rxa7 Rxg3 49. h7 Rh3 50. c6 1-0

[Event "8. Lovsprings EMT Mesterklassen 1996"]
[Site "Ringsted"]
[Date "1996.03.08"]
[Round "1"]
[White "Bromann, Thorbjorn"]
[Black "Jensen, Soren"]
[Result "1-0"]
[WhiteElo "2149"]
[BlackElo "1994"]
[PlyCount "69"]
[EventDate "1996.??.??"]

1. e4 c6 2. d4 d5 3. exd5 cxd5 4. c4 Nf6 5. Nc3 e6 6. c5 Be7 7. Nf3 O-O 8. b4
b6 9. Rb1 a5 10. a3 Ne4 11. Qc2 f5 12. Bd3 g5 13. O-O Bf6 14. Na4 bxc5 15. dxc5
g4 16. Ne1 axb4 17. axb4 Nc6 18. Bxe4 Nd4 19. Qd1 dxe4 20. Nb6 Ba6 21. Bh6 Bxf1
22. Kxf1 Qc7 23. g3 Qf7 24. Nxa8 Qh5 25. Be3 Qh3+ 26. Kg1 Rd8 27. Bxd4 Bxd4 28.
Qd2 f4 29. Ng2 e3 30. Nxe3 fxe3 31. fxe3 Bf6 32. Qf2 Bg7 33. Nc7 Bc3 34. Nxe6
Qh6 35. Nxd8 1-0

[Event "8. Lovsprings EMT Mesterklassen 1996"]
[Site "Ringsted"]
[Date "1996.03.08"]
[Round "1"]
[White "Bruun, Erling"]
[Black "Jorgensen, Gert"]
[Result "0-1"]
[WhiteElo "1957"]
[BlackElo "1925"]
[PlyCount "64"]
[EventDate "1996.??.??"]

1. e4 d5 2. Nc3 d4 3. Nb1 c5 4. Bc4 e6 5. d3 Nc6 6. a3 Qc7 7. f4 Be7 8. Nf3 Bd7
9. O-O h6 10. e5 g5 11. Qe2 g4 12. Nfd2 h5 13. Ne4 Nh6 14. b4 cxb4 15. axb4 Nf5
16. b5 Na5 17. Nf6+ Bxf6 18. exf6 Nxc4 19. dxc4 Rh6 20. Qe5 Qxc4 21. Rxa7 Rxa7
22. Qb8+ Qc8 23. Qxa7 Bxb5 24. Rd1 Rxf6 25. Na3 Bd7 26. Bb2 e5 27. Qa5 Re6 28.
fxe5 b6 29. Qd2 Qc5 30. Qg5 Rxe5 31. Qxh5 d3+ 32. Kh1 Ng3+ 0-1

[Event "8. Lovsprings EMT Mesterklassen 1996"]
[Site "Ringsted"]
[Date "1996.03.08"]
[Round "1"]
[White "Buhl, Poul"]
[Black "Christensen, Lars (1957)"]
[Result "0-1"]
[WhiteElo "2021"]
[BlackElo "2020"]
[PlyCount "125"]
[EventDate "1996.??.??"]

1. c4 Nf6 2. Nc3 d5 3. cxd5 Nxd5 4. g3 e5 5. Bg2 Be6 6. Nf3 Nc6 7. O-O Be7 8.
d4 exd4 9. Nxd4 Nxd4 10. Qxd4 Nxc3 11. Qxc3 Bf6 12. Qc2 c6 13. Rd1 Qb6 14. Be3
Qb5 15. Bd4 Bxd4 16. Rxd4 O-O 17. a4 Qb6 18. Rh4 f5 19. a5 Qa6 20. e3 Rad8 21.
Bf1 b5 22. b4 Bd5 23. Bd3 Qc8 24. e4 fxe4 25. Bxe4 Bxe4 26. Qxe4 Qf5 27. Qxf5
Rxf5 28. Rc1 Rc8 29. Rd4 Rc7 30. Rd6 Rf6 31. Rd5 a6 32. Rdc5 Kf7 33. f4 Ke7 34.
Kf2 Kd7 35. Kf3 Rc8 36. Re1 Re6 37. Rxe6 Kxe6 38. f5+ Kd6 39. g4 Re8 40. Rc1
Re5 41. Rd1+ Rd5 42. Re1 Rd4 43. g5 Kd7 44. Re4 Rd6 45. h4 c5 46. bxc5 Rd5 47.
Kf4 Rxc5 48. h5 h6 49. g6 Rc6 50. Ke5 Rc5+ 51. Kf4 Rc6 52. Rd4+ Ke7 53. Ke5
Rc5+ 54. Ke4 Rc1 55. Kd5 Kf6 56. Rf4 Ra1 57. Kc5 Rxa5 58. Rd4 Kxf5 59. Rd7 Kf6
60. Rd6+ Ke7 61. Rb6 b4+ 62. Kc4 Rxh5 63. Rxa6 0-1

[Event "8. Lovsprings EMT Mesterklassen 1996"]
[Site "Ringsted"]
[Date "1996.03.08"]
[Round "1"]
[White "Hansen, Jens Hjort"]
[Black "Rasmussen, Per Arnt"]
[Result "1/2-1/2"]
[WhiteElo "1906"]
[BlackElo "1990"]
[PlyCount "81"]
[EventDate "1996.??.??"]

1. e4 c5 2. Nf3 Nc6 3. Bb5 e6 4. O-O Nge7 5. d3 a6 6. Ba4 b5 7. Bb3 d5 8. exd5
exd5 9. c3 Ng6 10. d4 c4 11. Bc2 Be7 12. Re1 O-O 13. Nbd2 Be6 14. Nf1 a5 15. h3
Re8 16. Ng3 Ra7 17. Nh5 Bd6 18. Bg5 f6 19. Be3 Rae7 20. Qd2 b4 21. Nf4 Nxf4 22.
Bxf4 bxc3 23. bxc3 Ba3 24. Re2 Qd7 25. Rae1 Bf5 26. Bg3 Bxc2 27. Qxc2 Rxe2 28.
Rxe2 Rxe2 29. Qxe2 Ne7 30. Ne1 Nf5 31. Bc7 a4 32. Nc2 Bd6 33. Bxd6 Nxd6 34. Nb4
Ne4 35. Qe3 Kf7 36. f3 Ng5 37. h4 Ne6 38. Kf2 Nc7 39. g4 Qe6 40. Qxe6+ Kxe6 41.
Ke3 1/2-1/2

[Event "8. Lovsprings EMT Mesterklassen 1996"]
[Site "Ringsted"]
[Date "1996.03.08"]
[Round "1"]
[White "Kronow, Jacob"]
[Black "Rasmussen, Henning"]
[Result "1-0"]
[WhiteElo "1901"]
[BlackElo "1935"]
[PlyCount "123"]
[EventDate "1996.??.??"]

1. d4 Nf6 2. c4 g6 3. f3 Bg7 4. e4 d6 5. Nc3 e5 6. dxe5 dxe5 7. Qxd8+ Kxd8 8.
Bg5 h6 9. Rd1+ Nbd7 10. Bxf6+ Bxf6 11. Nd5 Bg7 12. Ne2 c6 13. Ne3 Kc7 14. Nc3
Nc5 15. Be2 Ne6 16. Nc2 Bd7 17. O-O Rad8 18. b4 Bc8 19. c5 Rxd1 20. Rxd1 Rd8
21. Rxd8 Kxd8 22. Na3 a5 23. bxa5 Nxc5 24. Nc4 Kc7 25. Nb6 Be6 26. Bc4 Bf8 27.
Kf1 f6 28. Ke2 Bxc4+ 29. Nxc4 Ne6 30. Na4 Nf4+ 31. Kf2 Nd3+ 32. Ke3 Nc5 33.
Nxc5 Bxc5+ 34. Kd3 Bb4 35. Kc2 Bc5 36. Kb3 Bg1 37. h3 Bf2 38. Nb2 Be1 39. Ka4
Bc3 40. Nc4 Bd4 41. Na3 Bc5 42. Nc2 Kd6 43. Kb3 Bg1 44. Nb4 Kc5 45. a6 bxa6 46.
Nxa6+ Kd4 47. Kb4 Bf2 48. a4 Be1+ 49. Kb3 c5 50. Kc2 c4 51. Kd1 Ba5 52. Nb8 Bc7
53. Nc6+ Kc5 54. Ne7 Ba5 55. Nxg6 Kb4 56. Kc2 Kxa4 57. Ne7 Bd8 58. Nf5 h5 59.
Ng7 Kb5 60. Nxh5 Kc5 61. Ng7 Ba5 62. Nf5 1-0

[Event "8. Lovsprings EMT Mesterklassen 1996"]
[Site "Ringsted"]
[Date "1996.03.08"]
[Round "1"]
[White "Madsen, Hans Henrik"]
[Black "Lynge, Michael"]
[Result "1/2-1/2"]
[WhiteElo "2099"]
[BlackElo "2115"]
[PlyCount "41"]
[EventDate "1996.??.??"]

1. d4 Nf6 2. Bg5 d5 3. Nf3 e6 4. c4 c6 5. cxd5 exd5 6. Nc3 Nbd7 7. Qc2 Be7 8.
e3 O-O 9. Bd3 Re8 10. O-O Nf8 11. a3 a5 12. Ne5 Ng4 13. Bxe7 Qxe7 14. Nxg4 Bxg4
15. Rae1 Bh5 16. f4 f6 17. Qf2 Bf7 18. h3 b5 19. e4 dxe4 20. Nxe4 Qd7 21. Rd1
1/2-1/2

[Event "8. Lovsprings EMT Mesterklassen 1996"]
[Site "Ringsted"]
[Date "1996.03.08"]
[Round "1"]
[White "Nielsen, Per Henrik Axel"]
[Black "Nielsen, Max"]
[Result "1/2-1/2"]
[WhiteElo "1944"]
[BlackElo "2165"]
[PlyCount "38"]
[EventDate "1996.??.??"]

1. b3 e5 2. Bb2 Nc6 3. c4 Nf6 4. e3 d5 5. cxd5 Nxd5 6. a3 Bd6 7. Qc2 O-O 8. d3
f5 9. Nf3 Nf6 10. Nbd2 Qe8 11. Be2 Bd7 12. O-O Qg6 13. Nc4 Rae8 14. d4 exd4 15.
Nxd6 cxd6 16. Nxd4 Rc8 17. Qd1 a6 18. Bc4+ Kh8 19. Ne2 Ne4 1/2-1/2

[Event "8. Lovsprings EMT Mesterklassen 1996"]
[Site "Ringsted"]
[Date "1996.03.08"]
[Round "1"]
[White "Pedersen, Henrik Dahl"]
[Black "Madsen, Morten"]
[Result "1/2-1/2"]
[WhiteElo "1999"]
[BlackElo "1981"]
[PlyCount "134"]
[EventDate "1996.??.??"]

1. e4 Nf6 2. e5 Ng8 3. d4 d6 4. exd6 cxd6 5. Nf3 g6 6. Bb5+ Nd7 7. O-O a6 8.
Bd3 Ngf6 9. c4 Bg7 10. Nc3 O-O 11. Bg5 Nb8 12. h3 Nc6 13. Qb3 Qa5 14. Rad1 Nxd4
15. Nxd4 Qxg5 16. Nf3 Qa5 17. Rfe1 Re8 18. Qa4 Qxa4 19. Nxa4 Nd7 20. Bf1 Kf8
21. Ng5 h6 22. Ne4 Rb8 23. Nec3 b6 24. Nd5 Be5 25. f4 Bf6 26. Re3 b5 27. cxb5
axb5 28. Nac3 b4 29. Nb5 Bb7 30. Nxb4 Bxb2 31. a4 Rec8 32. a5 Nc5 33. Rb1 Bf6
34. Ra3 Be4 35. Re1 Ba8 36. a6 Rb6 37. a7 Nb7 38. Nd5 Rbc6 39. Nbc7 R8xc7 40.
Nxc7 Rxc7 41. Rb1 Bd4+ 42. Kh1 Kg7 43. Kh2 Kf6 44. Ba6 Kf5 45. Bxb7 Rxb7 46.
Rxb7 Bxb7 47. g3 Ba8 48. Rb3 e5 49. fxe5 dxe5 50. Rb8 Bxa7 51. Rxa8 Bd4 52. Kg2
Kg5 53. Kf3 f5 54. Ra4 e4+ 55. Kg2 Be5 56. h4+ Kh5 57. Ra5 Bc3 58. Rc5 Bd2 59.
Kh3 g5 60. Rxf5 Kg6 61. Re5 gxh4 62. Rxe4 hxg3 63. Kxg3 Bg5 64. Re5 Kf6 65. Rb5
Ke6 66. Kg4 Kf6 67. Rd5 Ke6 1/2-1/2

[Event "8. Lovsprings EMT Mesterklassen 1996"]
[Site "Ringsted"]
[Date "1996.03.08"]
[Round "1"]
[White "Pedersen, Kim"]
[Black "Askgaard, Jens"]
[Result "1/2-1/2"]
[WhiteElo "2237"]
[BlackElo "1985"]
[PlyCount "54"]
[EventDate "1996.??.??"]

1. d4 e6 2. Bf4 f5 3. e3 Nf6 4. h3 Be7 5. Nf3 b6 6. Nbd2 Bb7 7. Bd3 O-O 8. g4
Ne4 9. Rg1 d6 10. gxf5 exf5 11. Bxe4 fxe4 12. Ng5 Bxg5 13. Rxg5 Nd7 14. Qg4 Rf7
15. O-O-O Nf6 16. Qg2 Qe7 17. c4 Kh8 18. Rg1 Rg8 19. Kb1 Ba6 20. Bg3 d5 21.
cxd5 Qb4 22. Nb3 Bc4 23. Be5 Bxb3 24. Bxf6 Bxa2+ 25. Kxa2 Qc4+ 26. Kb1 Qd3+ 27.
Ka2 Qa6+ 1/2-1/2

[Event "8. Lovsprings EMT Mesterklassen 1996"]
[Site "Ringsted"]
[Date "1996.03.08"]
[Round "1"]
[White "Preuss, Flemming"]
[Black "Pedersen, Hans Dahl"]
[Result "1-0"]
[WhiteElo "2029"]
[BlackElo "2091"]
[PlyCount "97"]
[EventDate "1996.??.??"]

1. e4 c6 2. d4 d5 3. exd5 cxd5 4. c3 Nc6 5. Bd3 Nf6 6. Bf4 e6 7. Nf3 Bd6 8.
Bxd6 Qxd6 9. O-O O-O 10. Re1 Qf4 11. Nbd2 b6 12. Qe2 a5 13. g3 Qh6 14. h4 Ra7
15. Ng5 Re7 16. Ndf3 g6 17. Ne5 Nxe5 18. Qxe5 Qg7 19. Qd6 Rd7 20. Qxb6 Rb7 21.
Qxa5 Rxb2 22. Rab1 Rd2 23. Red1 Rxd1+ 24. Rxd1 Ng4 25. Re1 Qf6 26. f4 Nh6 27.
Kg2 Nf5 28. Nf3 Bb7 29. Qc7 Ba8 30. a4 Ne7 31. Rb1 Nf5 32. Kf2 h6 33. Rb8 Qg7
34. g4 Ne7 35. Ne5 Nc6 36. Rxf8+ Qxf8 37. Nxc6 Bxc6 38. Qxc6 Qa3 39. f5 Qc1 40.
Qc7 Qh1 41. Qd8+ Kg7 42. fxe6 Qh2+ 43. Ke3 Qg3+ 44. Kd2 Qf2+ 45. Kc1 Qe1+ 46.
Kb2 Qxe6 47. g5 hxg5 48. hxg5 Qe3 49. Bc2 1-0

[Event "8. Lovsprings EMT Mesterklassen 1996"]
[Site "Ringsted"]
[Date "1996.03.15"]
[Round "2"]
[White "Askgaard, Jens"]
[Black "Rasmussen, Per Arnt"]
[Result "1-0"]
[WhiteElo "1985"]
[BlackElo "1990"]
[PlyCount "113"]
[EventDate "1996.??.??"]

1. d4 d5 2. c4 e6 3. Nc3 Nf6 4. cxd5 exd5 5. Bg5 c6 6. Qc2 g6 7. e3 Bf5 8. Qd2
Nbd7 9. Nge2 Bb4 10. Ng3 Qa5 11. f3 Be6 12. Bd3 h6 13. Bxf6 Nxf6 14. O-O h5 15.
Rfc1 h4 16. Nf1 g5 17. a3 Bd6 18. Ne4 Qxd2 19. Nxf6+ Ke7 20. Nxd5+ cxd5 21.
Nxd2 f5 22. Nb1 Rag8 23. Nc3 h3 24. g3 f4 25. g4 fxe3 26. Re1 Bf4 27. Nd1 Bc7
28. Nxe3 Kd6 29. Bf5 Re8 30. Bxe6 Rxe6 31. Nf5+ Kd7 32. Rxe6 Kxe6 33. Re1+ Kd7
34. Re7+ Kc6 35. a4 Bf4 36. b3 Kb6 37. Ne3 Rd8 38. Kf2 Bxh2 39. Rh7 Bf4 40.
Rxh3 Ka5 41. Rh7 a6 42. Ng2 b5 43. axb5 axb5 44. Nxf4 gxf4 45. Rf7 Kb4 46. Rxf4
Kxb3 47. Rf7 b4 48. Rb7 Kc3 49. g5 b3 50. f4 b2 51. Kf3 Kc2 52. f5 Rg8 53. g6
Kd3 54. Rxb2 Kxd4 55. Kf4 Kc3 56. Rh2 d4 57. Kg5 1-0

[Event "8. Lovsprings EMT Mesterklassen 1996"]
[Site "Ringsted"]
[Date "1996.03.15"]
[Round "2"]
[White "Buhl, Poul"]
[Black "Nielsen, Per Henrik Axel"]
[Result "0-1"]
[WhiteElo "2021"]
[BlackElo "1944"]
[PlyCount "104"]
[EventDate "1996.??.??"]

1. c4 e5 2. Nc3 Nc6 3. g3 Bc5 4. Bg2 d6 5. e3 Nge7 6. a3 a5 7. Nge2 O-O 8. O-O
Bd7 9. h3 Nf5 10. Rb1 Qc8 11. Kh2 Re8 12. d3 Re6 13. Nd5 Nce7 14. b4 axb4 15.
axb4 Ba7 16. e4 Nd4 17. Nxe7+ Rxe7 18. Nc3 Re6 19. f4 exf4 20. Bxf4 Rg6 21. Nd5
Qd8 22. e5 c6 23. Nc3 Ne6 24. exd6 Nxf4 25. Rxf4 Rxd6 26. c5 Rf6 27. Ra1 Rxf4
28. gxf4 Bb8 29. Ne2 Rxa1 30. Qxa1 Bf5 31. Qc1 Qxd3 32. Ng3 Be6 33. Be4 Qd4 34.
Qa3 Qf2+ 35. Bg2 Qxf4 36. b5 Bd7 37. Qd3 Qxg3+ 38. Qxg3 Bxg3+ 39. Kxg3 Kf8 40.
Kf4 Ke7 41. h4 f6 42. Be4 g6 43. b6 f5 44. Bd3 Kf6 45. Ba6 Bc8 46. Bc4 h6 47.
Bb3 g5+ 48. hxg5+ hxg5+ 49. Ke3 Ke5 50. Bf7 Be6 51. Be8 Kd5 52. Bxc6+ Kxc6 0-1

[Event "8. Lovsprings EMT Mesterklassen 1996"]
[Site "Ringsted"]
[Date "1996.03.15"]
[Round "2"]
[White "Christensen, Lars (1957)"]
[Black "Arnkilde, Anders"]
[Result "0-1"]
[WhiteElo "2020"]
[BlackElo "1997"]
[PlyCount "98"]
[EventDate "1996.??.??"]

1. e4 e5 2. f4 Bc5 3. Nf3 d6 4. Bc4 Nf6 5. Nc3 Nc6 6. f5 h6 7. d3 Na5 8. Qe2 c6
9. Bd2 O-O 10. h3 d5 11. Bb3 Nxb3 12. axb3 Nh5 13. g4 Ng3 14. Qg2 Nxh1 15. Qxh1
Re8 16. h4 b5 17. Ne2 a5 18. Ng3 Qb6 19. Ke2 Bf2 20. Nh5 dxe4 21. dxe4 b4 22.
Ne1 Ba6+ 23. Nd3 Rad8 24. g5 Rxd3 25. cxd3 hxg5 26. Bxg5 f6 27. Bd2 Rd8 28. Qg2
Bxd3+ 29. Kf3 Bxe4+ 30. Kxe4 Qd4+ 31. Kf3 e4+ 32. Ke2 Qxd2+ 33. Kf1 Qh6 34.
Qxg7+ Qxg7 35. Nxg7 Kxg7 36. Kxf2 Rd5 37. Rg1+ Kf7 38. Ke3 Rxf5 39. Kxe4 Rf2
40. Kd4 Rxb2 41. Rg3 Rc2 42. Rg1 Ke6 43. Re1+ Kd6 44. Rh1 c5+ 45. Ke4 c4 46.
bxc4 Rxc4+ 47. Kd3 Rc3+ 48. Kd4 a4 49. Rb1 Rh3 0-1

[Event "8. Lovsprings EMT Mesterklassen 1996"]
[Site "Ringsted"]
[Date "1996.03.15"]
[Round "2"]
[White "Jacobsen, Erik"]
[Black "Nielsen, Max"]
[Result "0-1"]
[WhiteElo "1983"]
[BlackElo "2165"]
[PlyCount "82"]
[EventDate "1996.??.??"]

1. e4 c5 2. Nf3 Nc6 3. d4 cxd4 4. Nxd4 Nf6 5. Nc3 e5 6. Ndb5 d6 7. Bg5 a6 8.
Bxf6 gxf6 9. Na3 b5 10. Nd5 Bg7 11. Qh5 Ne7 12. Bd3 Nxd5 13. exd5 e4 14. O-O-O
exd3 15. Rhe1+ Kf8 16. Rxd3 f5 17. c3 Qf6 18. Qe2 Bd7 19. f4 Re8 20. Qf2 Rxe1+
21. Qxe1 Bh6 22. g3 Kg7 23. Re3 Qd8 24. Nc2 Re8 25. Nd4 Kf8 26. Nc2 Bg7 27. Qf2
Rxe3 28. Qxe3 Qc7 29. Qf3 Qc4 30. a3 Qe4 31. Qxe4 fxe4 32. Kd2 Bc8 33. Ne3 Bf6
34. Kc2 Bd8 35. Kd2 Bb6 36. b3 Bc5 37. Nc2 Bg1 38. Ke2 Bg4+ 39. Kf1 Bc5 40. Nb4
Bxb4 41. axb4 Bd1 0-1

[Event "8. Lovsprings EMT Mesterklassen 1996"]
[Site "Ringsted"]
[Date "1996.03.15"]
[Round "2"]
[White "Jorgensen, Gert"]
[Black "Preuss, Flemming"]
[Result "1-0"]
[WhiteElo "1925"]
[BlackElo "2029"]
[PlyCount "55"]
[EventDate "1996.??.??"]

1. d4 f5 2. Nf3 Nf6 3. g3 d6 4. Bg2 c6 5. O-O Qc7 6. c4 e5 7. d5 e4 8. Nd4 g6
9. Bf4 h6 10. dxc6 bxc6 11. c5 Nd5 12. cxd6 Bxd6 13. Nb5 cxb5 14. Qxd5 Bxf4 15.
gxf4 Nc6 16. Nc3 a6 17. Rfd1 Bd7 18. Qc5 Qa7 19. Qd6 O-O-O 20. Nd5 Be8 21. Qe6+
Bd7 22. Ne7+ Nxe7 23. Rac1+ Kb8 24. Qxe7 Rc8 25. Rxc8+ Bxc8 26. Qe5+ Qc7 27.
Qxh8 Qxf4 28. Qd4 1-0

[Event "8. Lovsprings EMT Mesterklassen 1996"]
[Site "Ringsted"]
[Date "1996.03.15"]
[Round "2"]
[White "Kronow, Jacob"]
[Black "Bromann, Thorbjorn"]
[Result "0-1"]
[WhiteElo "1901"]
[BlackElo "2149"]
[PlyCount "108"]
[EventDate "1996.??.??"]

1. d4 d5 2. c4 e6 3. Nc3 c6 4. Nf3 dxc4 5. e4 b5 6. a4 Bb4 7. Be2 Nf6 8. Qc2
Bb7 9. Bg5 h6 10. Bxf6 Qxf6 11. O-O Bxc3 12. Qxc3 a6 13. Ne5 O-O 14. f4 Qe7 15.
Bh5 Nd7 16. f5 Nf6 17. fxe6 Nxh5 18. exf7+ Kh7 19. Qf3 g6 20. Qg4 Qg5 21. Qe6
Nf4 22. Rxf4 Qxf4 23. Qxg6+ Kh8 24. Rf1 Qe3+ 25. Rf2 Qg5 26. Qe6 Bc8 27. Qxc6
Bh3 28. Qf6+ Qxf6 29. Rxf6 Bc8 30. Rxh6+ Kg7 31. Rg6+ Kh7 32. Rf6 bxa4 33. Nxc4
Kg7 34. Rb6 Rxf7 35. d5 Rb7 36. Rc6 Bd7 37. Rd6 Bb5 38. Ne5 Re8 39. Rg6+ Kh7
40. Rg5 Be2 41. d6 Rd8 42. d7 Bb5 43. Rh5+ Kg7 44. Rg5+ Kf6 45. Rf5+ Ke6 46.
Ng6 Bxd7 47. Nf4+ Ke7 48. Ng6+ Kd6 49. Rd5+ Kc7 50. e5 Kc6 51. Ne7+ Kc7 52. Rd6
Rxb2 53. Nd5+ Kb8 54. Nf6 a3 0-1

[Event "8. Lovsprings EMT Mesterklassen 1996"]
[Site "Ringsted"]
[Date "1996.03.15"]
[Round "2"]
[White "Lynge, Michael"]
[Black "Madsen, Morten"]
[Result "1-0"]
[WhiteElo "2115"]
[BlackElo "1981"]
[PlyCount "81"]
[EventDate "1996.??.??"]

1. d4 d5 2. c4 e6 3. Nc3 Nf6 4. cxd5 exd5 5. Bg5 c6 6. e3 h6 7. Bh4 Bf5 8. Qf3
Qd7 9. Bxf6 gxf6 10. Nge2 Rg8 11. h3 Be7 12. g4 Bg6 13. Nf4 Na6 14. Bxa6 bxa6
15. Nxg6 fxg6 16. O-O-O Kf7 17. h4 Kg7 18. h5 Rab8 19. hxg6 Qb7 20. Rd2 Bb4 21.
Qf5 Bxc3 22. bxc3 Qe7 23. Kd1 Rb7 24. Ke2 Rh8 25. Rb1 Rhb8 26. Rxb7 Rxb7 27.
Qc8 Rb6 28. a4 a5 29. Qf5 Rb3 30. Rc2 Qb7 31. f4 Ra3 32. g5 hxg5 33. fxg5 fxg5
34. Qe5+ Kg8 35. Qe6+ Kg7 36. Qe5+ Kg8 37. Kf3 g4+ 38. Kg3 Ra1 39. Qe6+ Kg7 40.
Rf2 Rg1+ 41. Kh4 1-0

[Event "8. Lovsprings EMT Mesterklassen 1996"]
[Site "Ringsted"]
[Date "1996.03.15"]
[Round "2"]
[White "Madsen, Hans Henrik"]
[Black "Pedersen, Henrik Dahl"]
[Result "0-1"]
[WhiteElo "2099"]
[BlackElo "1999"]
[PlyCount "70"]
[EventDate "1996.??.??"]

1. d4 Nf6 2. Nf3 b6 3. Bg5 Bb7 4. Nbd2 e6 5. c3 h6 6. Bh4 c5 7. e3 Be7 8. Qc2
Nc6 9. Be2 O-O 10. O-O cxd4 11. exd4 Rc8 12. Qd3 Nh5 13. Bxe7 Nxe7 14. g3 f5
15. Ne5 Nf6 16. Bf3 Nfd5 17. Qe2 Rc7 18. a4 a5 19. Rac1 Qe8 20. c4 Ba6 21. Nd3
Nf6 22. Qe5 Qc8 23. Qd6 Nc6 24. d5 Nd4 25. Qxb6 Nxf3+ 26. Nxf3 exd5 27. cxd5
Nxd5 28. Qxa5 Qb7 29. Rxc7 Nxc7 30. Nc5 Qxf3 31. Nxa6 Ne6 32. Qc3 Qa8 33. Nc5
Ng5 34. Qc4+ Kh8 35. f4 Nh3# 0-1

[Event "8. Lovsprings EMT Mesterklassen 1996"]
[Site "Ringsted"]
[Date "1996.03.15"]
[Round "2"]
[White "Pedersen, Hans Dahl"]
[Black "Bruun, Erling"]
[Result "1-0"]
[WhiteElo "2091"]
[BlackElo "1957"]
[PlyCount "121"]
[EventDate "1996.??.??"]

1. d4 g6 2. Nf3 Bg7 3. c4 d6 4. Nc3 Nf6 5. g3 O-O 6. Bg2 Nbd7 7. O-O e5 8. h3
exd4 9. Nxd4 a5 10. b3 c6 11. Bb2 Nc5 12. Qc2 Qc7 13. e4 Re8 14. Rad1 Bd7 15.
Rfe1 Re7 16. Re3 Rae8 17. Kh2 Ne6 18. Nxe6 Rxe6 19. Ne2 Bc8 20. Nf4 R6e7 21.
Bc3 Nd7 22. Bxg7 Kxg7 23. Qc3+ Ne5 24. Red3 Rd7 25. c5 dxc5 26. Rxd7 Bxd7 27.
Nd3 f6 28. Nxc5 Bc8 29. f4 Nf7 30. Rd4 b6 31. Na4 c5 32. Rd2 Rd8 33. Qe3 Bb7
34. Nc3 Re8 35. Qd3 Rd8 36. Qe2 Rxd2 37. Qxd2 Qd6 38. Qxd6 Nxd6 39. e5 Bxg2 40.
Kxg2 fxe5 41. fxe5 Nc8 42. Kf3 Kf7 43. Ke4 Ke6 44. Nd5 g5 45. h4 h6 46. hxg5
hxg5 47. a4 Na7 48. Nxb6 Nc6 49. Nc4 g4 50. Kf4 Kd5 51. Kxg4 Nxe5+ 52. Nxe5
Kxe5 53. Kf3 Kd4 54. g4 Kc3 55. g5 Kxb3 56. g6 c4 57. g7 c3 58. g8=Q+ Kb2 59.
Qg7 Kb3 60. Ke2 c2 61. Qa1 1-0

[Event "8. Lovsprings EMT Mesterklassen 1996"]
[Site "Ringsted"]
[Date "1996.03.15"]
[Round "2"]
[White "Pedersen, Kim"]
[Black "Hansen, Jens Hjort"]
[Result "1-0"]
[WhiteElo "2237"]
[BlackElo "1906"]
[PlyCount "31"]
[EventDate "1996.??.??"]

1. Nf3 Nf6 2. b3 d5 3. Bb2 c5 4. e3 Nc6 5. Be2 Bf5 6. O-O h6 7. d4 Qc7 8. dxc5
e5 9. Nc3 a6 10. Nxd5 Nxd5 11. Qxd5 Bxc2 12. Nxe5 Rd8 13. Qc4 Bxb3 14. axb3
Nxe5 15. Qe4 Rd2 16. Bxe5 1-0

[Event "8. Lovsprings EMT Mesterklassen 1996"]
[Site "Ringsted"]
[Date "1996.03.15"]
[Round "2"]
[White "Rasmussen, Henning"]
[Black "Jensen, Soren"]
[Result "1-0"]
[WhiteElo "1935"]
[BlackElo "1994"]
[PlyCount "123"]
[EventDate "1996.??.??"]

1. e4 c6 2. c4 d5 3. exd5 cxd5 4. d4 Nf6 5. Nc3 e6 6. Nf3 Be7 7. c5 O-O 8. Bd3
b6 9. b4 a5 10. Na4 Nbd7 11. a3 Qc7 12. O-O bxc5 13. bxc5 Ba6 14. Bxa6 Rxa6 15.
Qe2 Raa8 16. Bg5 Qc6 17. Nc3 Bd8 18. Bf4 Bc7 19. Bxc7 Qxc7 20. Rab1 Rab8 21.
Nb5 Qc6 22. a4 Ne4 23. Rbc1 Rbe8 24. Nd2 Nxd2 25. Qxd2 e5 26. Rfd1 Nf6 27. f3
Re6 28. dxe5 Rxe5 29. Qc3 Ree8 30. Nd6 Rd8 31. Qd4 Rb8 32. Rb1 h6 33. Rb5 Ne8
34. Qxd5 Qxd5 35. Rxd5 Rxb5 36. axb5 Nc7 37. Re5 f6 38. Re1 Rb8 39. b6 Na6 40.
Rc1 Nxc5 41. Rxc5 Rxb6 42. Ne4 Ra6 43. Rc3 f5 44. Nc5 Rb6 45. Rb3 Rc6 46. Nd3
g5 47. Ra3 Rd6 48. Kf2 Kg7 49. g3 Rd5 50. Ke3 Rb5 51. h3 Kf6 52. Kd4 Kg6 53.
Kc4 Rb1 54. g4 Rh1 55. Rxa5 Rxh3 56. Rxf5 h5 57. Ne5+ Kh6 58. Nf7+ Kg6 59. Nxg5
Kh6 60. Kd5 Rg3 61. Ke6 h4 62. Kf6 1-0

[Event "8. Lovsprings EMT Mesterklassen 1996"]
[Site "Ringsted"]
[Date "1996.03.22"]
[Round "3"]
[White "Askgaard, Jens"]
[Black "Bromann, Thorbjorn"]
[Result "0-1"]
[WhiteElo "1985"]
[BlackElo "2149"]
[PlyCount "62"]
[EventDate "1996.??.??"]

1. d4 d5 2. c4 e6 3. Nc3 c6 4. e3 f5 5. f4 Nf6 6. Nf3 Bd6 7. Be2 Ne4 8. O-O O-O
9. Bd2 Nd7 10. Be1 Ndf6 11. Bh4 Qa5 12. Bxf6 gxf6 13. Qc2 Kh8 14. a3 Rg8 15.
Rfc1 Qc7 16. Bf1 Qg7 17. cxd5 exd5 18. b4 Bd7 19. Qb3 Qg4 20. Nxe4 fxe4 21. Ne1
Rg6 22. b5 Rag8 23. bxc6 bxc6 24. Qa4 Rh6 25. Qxa7 Qh3 26. Kf2 Qh4+ 27. Ke2
Bg4+ 28. Kd2 Qf2+ 29. Kc3 Qxe3+ 30. Kb2 Rb8+ 31. Ka2 Qb3# 0-1

[Event "8. Lovsprings EMT Mesterklassen 1996"]
[Site "Ringsted"]
[Date "1996.03.22"]
[Round "3"]
[White "Christensen, Lars (1957)"]
[Black "Nielsen, Per Henrik Axel"]
[Result "1/2-1/2"]
[WhiteElo "2020"]
[BlackElo "1944"]
[PlyCount "80"]
[EventDate "1996.??.??"]

1. e4 d5 2. exd5 Nf6 3. Nc3 Nxd5 4. Bc4 e6 5. Nf3 Be7 6. d4 Nxc3 7. bxc3 O-O 8.
Qe2 c5 9. O-O Nc6 10. Qe4 Bf6 11. g4 g6 12. Bh6 Bg7 13. Bxg7 Kxg7 14. h4 Na5
15. Be2 Qd5 16. Qf4 b6 17. Nd2 Bb7 18. Bf3 Qd8 19. dxc5 Qxh4 20. Kg2 Qf6 21.
Qe3 Bxf3+ 22. Nxf3 Nc4 23. Qe4 b5 24. g5 Qxc3 25. Rh1 Nd2 26. Nxd2 Qxd2 27.
Qe5+ f6 28. gxf6+ Rxf6 29. Rxh7+ Kxh7 30. Qxf6 Qd5+ 31. Kg3 Qh5 32. Qe7+ Kh6
33. f3 Qg5+ 34. Qxg5+ Kxg5 35. f4+ Kf6 36. Re1 Rc8 37. Re5 Rc6 38. a3 Ra6 39.
Re3 Rc6 40. Re5 Ra6 1/2-1/2

[Event "8. Lovsprings EMT Mesterklassen 1996"]
[Site "Ringsted"]
[Date "1996.03.22"]
[Round "3"]
[White "Hansen, Jens Hjort"]
[Black "Madsen, Hans Henrik"]
[Result "0-1"]
[WhiteElo "1906"]
[BlackElo "2099"]
[PlyCount "120"]
[EventDate "1996.??.??"]

1. e4 c5 2. Nf3 Nf6 3. Nc3 d5 4. exd5 Nxd5 5. Nxd5 Qxd5 6. h3 Nc6 7. Be2 e5 8.
O-O e4 9. Re1 Be6 10. Nh2 Bd6 11. d3 O-O-O 12. Nf1 Nd4 13. dxe4 Qxe4 14. Bd3
Qh4 15. Re4 Qf6 16. c3 Nc6 17. Qh5 h6 18. Bb5 g6 19. Qe2 Bd5 20. Ra4 a6 21. Bc4
Bxc4 22. Rxc4 Kb8 23. Be3 Qe7 24. b4 cxb4 25. cxb4 Nxb4 26. Rb1 Nd5 27. Re4 Nc3
28. Ba7+ Ka8 29. Rxe7 Nxe2+ 30. Rxe2 Kxa7 31. Reb2 b5 32. Ne3 Bc5 33. Ng4 Rd4
34. Rc2 Bb6 35. Rbc1 Rhd8 36. Nh2 Rd1+ 37. Nf1 Rxc1 38. Rxc1 Re8 39. Ng3 h5 40.
Kf1 a5 41. f3 Ka6 42. Ne4 f5 43. Nd6 Re6 44. Nf7 b4 45. Rc2 Kb5 46. f4 a4 47.
Ne5 Bd4 48. Nd3 Re3 49. Nb2 Bxb2 50. Rxb2 Kc4 51. Kf2 Re4 52. Rc2+ Kd3 53. Rc6
Re2+ 54. Kf3 Rxa2 55. Rxg6 b3 56. Rd6+ Kc3 57. Rc6+ Kd4 58. g4 hxg4+ 59. hxg4
b2 60. Rb6 Ra3+ 0-1